| 000 | 00645nam a22001577a 4500 | ||
|---|---|---|---|
| 003 | OSt | ||
| 005 | 20151003085136.0 | ||
| 008 | 151003b xxu||||| |||| 00| 0 eng d | ||
| 040 | _cRUA | ||
| 082 | _aAVM PHA 1995 B068 Or.1 | ||
| 100 |
_91830 _aPHAY, SHOKKHUMAR. |
||
| 245 | _aLutte contre la zoonose a battambang, វិធានការការពារដើម្បីលុបបំបាតើជំងឺឆ្លងសំខាន់ៗពីសត្វពាហនៈមកមនុស្សក្នុងខេត្តបាត់ដំបង | ||
| 260 |
_aPhnom Penh _bRUA _c1995 |
||
| 300 |
_a66p. _bill. _c29cm. |
||
| 942 |
_2ddc _cAVM |
||
| 999 |
_c1727 _d1727 |
||